000 00194nam a2200085Ia 4500
008 120527s9999 xx 000 0 und d
100 _aDatar, F. Dorngren
245 _aCost Accounting
942 _cBK
999 _c27129
_d27129